Wszyscy mieszkańcy każdego świata w The Sims 4 - Statystyki

Ogólne statystyki
  • Ten quiz został rozwiązany 43 razy
  • Średni wynik to 10 z 210
Statystyki odpowiedzi
Parcela Imię i nazwisko % Poprawnych
Wierzbowa Zatoczka Bella Ćwir
90%
Wierzbowa Zatoczka Mortimer Ćwir
79%
Wierzbowa Zatoczka Aleksander Ćwir
69%
Wierzbowa Zatoczka Kasandra Ćwir
69%
Wierzbowa Zatoczka Bob Pancakes
55%
Wierzbowa Zatoczka Eliza Pancakes
52%
Oaza Zdrój Nina Kaliente
48%
Oaza Zdrój Dina Kaliente
45%
Oaza Zdrój Don Lothario
45%
Oaza Zdrój Katrina Kaliente
38%
Wierzbowa Zatoczka Summer Holiday
38%
Oaza Zdrój Nancy Landgraab
34%
Oaza Zdrój Johnny Zest
31%
Wierzbowa Zatoczka Travis Scott
28%
Oaza Zdrój Geoffrey Landgraab
24%
Wierzbowa Zatoczka Liberty Lee
24%
Wierzbowa Zatoczka Alice Spencer-Kim
21%
Oaza Zdrój Malcolm Landgraab
21%
Wierzbowa Zatoczka Eric Lewis
17%
San Myshuno Akira Kibo
10%
Brindleton Bay Brent Hecking
10%
Forgotten Hollow Caleb Vatore
10%
Oaza Zdrój Zoe Patel
10%
Brindleton Bay Brant Hecking
7%
Windenburg Candy Behr
7%
Wierzbowa Zatoczka Dennis Kim
7%
Del Sol Valley Judith Ward
7%
Forgotten Hollow Lilith Vatore
7%
Windenburg Morgan Fyres
7%
Wierzbowa Zatoczka Olivia Spencer-Kim-Lewis
7%
Wierzbowa Zatoczka Viviene Lewis
7%
StrangerVille Alice Martin
3%
Sulani Alika Kahananui
3%
Copperdale Amy Prescott
3%
San Myshuno Baako Jang
3%
Evergreen Harbor Bess Sterling
3%
San Myshuno Billie Jang
3%
Windenburg Björn Bjergsen
3%
Brindleton Bay Catarina Lynx
3%
Windenburg Dominic Fyres
3%
San Myshuno Geeta Rasoya
3%
Oaza Zdrój J Huntington III
3%
Britechester Julia Wright
3%
Brindleton Bay Justin Delgato
3%
Evergreen Harbor Knox Greenburg
3%
Britechester Lilith Przyjemniak
3%
San Myshuno Lily Feng
3%
Windenburg Paolo Rocca
3%
San Myshuno Penny Pizzazz
3%
San Myshuno Raj Rasoya
3%
Brindleton Bay Rozi
3%
San Myshuno Salim Benali
3%
Windenburg Sofia Bjergsen
3%
Brindleton Bay Supriya Delgato
3%
San Myshuno Victor Feng
3%
Windenburg Yuki Behr
3%
Britechester Agela Przyjemniak
0%
San Myshuno Anaya Jang
0%
Tartosa Arnessa Thebe
0%
San Myshuno Arun Bheeda
0%
Copperdale Ash Harjo
0%
San Sequoia Atlas Michaelson
0%
San Sequoia Aurelio Robles
0%
Copperdale Ava Harjo
0%
Brindleton Bay Bartholomew A. Bittlebun, Jr.
0%
Brindleton Bay Bartholomew A. Starszy bułeczka
0%
Britechester Becca Clarke
0%
San Sequoia Bernice Robles
0%
Evergreen Harbor Blossom Greenburg
0%
Britechester Cameron Fletcher
0%
Tartosa Camille Soto
0%
Henford-on-Bagley Cecilia Kang
0%
San Sequoia Celeste Michaelson
0%
StrangerVille Christie Sigworth
0%
San Sequoia Christopher Michaelson
0%
Windenburg Clara Bjergsen
0%
Brindleton Bay Cleo
0%
Evergreen Harbor Cletus Harris
0%
Kasztanowy Grzbiet Dani Davila
0%
San Myshuno Darling Walsh
0%
Glimmerbrook Darrel Charm
0%
Henford-on-Bagley Derek McMillan
0%
San Myshuno Diego Lobo
0%
Brindleton Bay Doc
0%
San Sequoia Doli Ruano
0%
Tartosa Dominique Soto
0%
Kasztanowy Grzbiet Don Gooseman
0%
Sulani Duane Talla
0%
Kasztanowy Grzbiet Duke Gooseman
0%
StrangerVille Dylan Sigworth
0%
Britechester Ekram Elderberry
0%
Britechester Eleanore Elderberry
0%
San Sequoia Eleanor Sullivan
0%
Windenburg Elsa Bjergsen
0%
Glimmerbrook Emilia Charm
0%
Windenburg Eva Capricciosa
0%
Brindleton Bay Evie Delgato
0%
Tartosa Faiz Jaleel
0%
Evergreen Harbor Faye Harris
0%
Kasztanowy Grzbiet Flapjack
0%
Evergreen Harbor Francine Spencer
0%
Oaza Zdrój Gavin Richards
0%
Glimmerbrook Gemma Charm
0%
StrangerVille George Cahill
0%
Evergreen Harbor Gideon Harris
0%
Glimmerbrook Grace Anansi
0%
Tartosa Greta Laurent
0%
Windenburg Gunther Münch
0%
Tartosa Hector Laurent
0%
Tartosa Hilary Laurent
0%
Windenburg Hugo Villareal
0%
Henford-on-Bagley Ian Moody
0%
San Sequoia Ian Robles
0%
San Sequoia Ignacio Robles
0%
Henford-on-Bagley Imran Watson
0%
Tartosa Jace Laurent
0%
Moonwood Mill Jacob Volkov
0%
Windenburg Jacques Villareal
0%
Windenburg Jade Rosa
0%
Copperdale Janae Price
0%
Copperdale Jayden Price
0%
San Sequoia Jay Robles
0%
Góra Komorebi Jenna Akiyama
0%
Evergreen Harbor Jerry Harris
0%
San Myshuno Jesminder Bheeda
0%
StrangerVille Jess Sigworth
0%
Windenburg Joaquin Le Chien
0%
Brindleton Bay Józia
0%
Evergreen Harbor Jules Rico
0%
Kasztanowy Grzbiet Juniper Grove
0%
Góra Komorebi Kadu Akiyama
0%
Góra Komorebi Kaori Nishidake
0%
San Sequoia Karmine Luna
0%
Sulani Keala Hoapili
0%
Copperdale Kevin Price
0%
Góra Komorebi Kiyoshi Ito
0%
Moonwood Mill Kristopher Volkov
0%
Sulani Leila Illes
0%
StrangerVille Leslie Holland
0%
Sulani Lia Hauata
0%
Sulani Lilliana Kealoha
0%
Moonwood Mill Lily Zhu
0%
Windenburg Lucas Münch
0%
Copperdale Lucha Harjo
0%
Tartosa Lucia Markovic
0%
Kasztanowy Grzbiet Luna
0%
Windenburg Luna Villereal
0%
Windenburg Maaike Faust
0%
Henford-on-Bagley Maira Watson
0%
Sulani Makoa Kealoha
0%
Copperdale Marcel Price
0%
Windenburg Marcus Flex
0%
Kasztanowy Grzbiet Marissa Tracey
0%
StrangerVille Mark Eggleston
0%
Evergreen Harbor Mary Greenburg
0%
Tartosa Mateo Markovic
0%
Windenburg Max Villereal
0%
Góra Komorebi Megumi Ito
0%
Copperdale Mei Prescott
0%
Sulani Mele Kahananui
0%
StrangerVille Meredith Roswell
0%
Góra Komorebi Miki Akiyama
0%
San Myshuno Miko Ojo
0%
Windenburg Mila Münch
0%
Glimmerbrook Minerva Charm
0%
Oaza Zdrój Mitchell Kalani
0%
Brindleton Bay Modra
0%
Windenburg Moira Fyres
0%
Copperdale Molly Prescott
0%
Góra Komorebi Nanami Ito
0%
Sulani Nani Kealoha
0%
Góra Komorebi Naoki Ito
0%
Copperdale Noah Kane
0%
Del Sol Valley Octavia Moon
0%
Sulani Oliana Ngata
0%
Evergreen Harbor Olive Tinker
0%
Del Sol Valley Orange Bailey-Moon
0%
San Sequoia Orion Michaelson
0%
Brindleton Bay Pierce Dlegato
0%
Henford-on-Bagley Rahmi Watson
0%
Henford-on-Bagley Rashidah Watson
0%
Britechester Rohan Elderberry
0%
Góra Komorebi Sachiko Nishidake
0%
Henford-on-Bagley Sara Scott
0%
Copperdale Savannah Price
0%
Windenburg Sergio Romeo
0%
Góra Komorebi Shigeru Nishidake
0%
Copperdale Sidney Price
0%
Kasztanowy Grzbiet Sienna Grove
0%
Henford-on-Bagley Simon Scott
0%
Windenburg Siobhan Fyres
0%
Kasztanowy Grzbiet Starbrite
0%
Copperdale Tai Lum
0%
Góra Komorebi Taku Akiyama
0%
San Sequoia Tala Ruano
0%
Sulani Tane Ngata
0%
StrangerVille Ted Roswell
0%
Henford-on-Bagley Thomas Watson
0%
Del Sol Valley Thorne Bailey
0%
Evergreen Harbor Tina Tinker
0%
Glimmerbrook Tomax Colette
0%
Tartosa Tomi Markovic
0%
Windenburg Ulrike Faust
0%
Kasztanowy Grzbiet Umber Grove
0%
Del Sol Valley Vanessa Jeong
0%
Forgotten Hollow Vladisaus Straud
0%
Windenburg Wolfgang Münch
0%
Kasztanowy Grzbiet Wren Grove
0%
San Sequoia Xochiti Luna
0%
Evergreen Harbor Yasemin Tinker
0%
Nie znaleziono quizów pasujących do podanych kryteriów
Rozkład punktacji
Procent ludzi z każdym wynikiem
Percentyl według liczby udzielonych odpowiedzi
Twoja historia wyników
Nie rozwiązałeś tego quizu